[Event "51st World Juniors"]
[Site "Athens GRE"]
[Date "2012.08.11"]
[Round "9.63"]
[White "Kalogridakis, Georgios"]
[Black "Papasimakopoulos, Vasilios"]
[Result "1/2-1/2"]
[WhiteElo "2017"]
[BlackElo "1820"]
[WhiteFideId "4249666"]
[BlackFideId "4244141"]
[EventDate "2012.08.02"]

1. e4 e6 2. d3 d5 3. Nd2 Nf6 4. Ngf3 c5 5. g3 g6 6. Bg2 Bg7 7. O-O O-O 8. Re1
Nc6 9. c3 Re8 10. Qe2 b6 11. h4 Bb7 12. Nf1 c4 13. dxc4 Nxe4 14. Ng5 Nf6 15. Be3
Ba6 16. Rad1 Qc7 17. Nd2 Rac8 18. Qf3 Ne5 19. Qe2 Nxc4 20. Nxc4 Bxc4 21. Qc2 a5
22. Bh3 Ba6 23. Bf4 Qc6 24. Be5 b5 25. Qd3 h6 26. Qd4 Nh5 27. Bxg7 Nxg7 28. Nf3
Qc5 29. Qf4 Kh7 30. Ne5 f5 1/2-1/2

[Event "51st World Juniors"]
[Site "Athens GRE"]
[Date "2012.08.11"]
[Round "9.64"]
[White "Tsiros, Fragkiskos Vlasios"]
[Black "Zervos, Lazaros"]
[Result "1-0"]
[WhiteElo "1897"]
[BlackElo "1799"]
[WhiteFideId "4228200"]
[BlackFideId "4238362"]
[EventDate "2012.08.02"]

1. e4 c5 2. Nf3 Nc6 3. d4 cxd4 4. Nxd4 g6 5. Nc3 Bg7 6. Be3 Nf6 7. Bc4 O-O 8.
Bb3 d6 9. f3 Bd7 10. O-O Rc8 11. Qd2 a6 12. a4 Na5 13. Rfd1 Bc6 14. Qf2 Nd7 15.
Ba2 Ne5 16. Ne6 Qd7 17. Nxf8 Kxf8 18. Bd4 Qe8 19. b4 Nac4 20. Bxc4 Nxc4 21.
Bxg7+ Kxg7 22. Qd4+ Kg8 23. Qxc4 Bxa4 24. Qd4 Bxc2 25. Rdc1 Bb3 26. Nd5 Bxd5 27.
exd5 h5 28. Qe3 1-0

[Event "51st World Juniors"]
[Site "Athens GRE"]
[Date "2012.08.11"]
[Round "9.65"]
[White "Panagos, Theodoros"]
[Black "Davis, Ashley J"]
[Result "0-1"]
[WhiteElo "1768"]
[BlackElo "1929"]
[WhiteFideId "4236955"]
[BlackFideId "407798"]
[EventDate "2012.08.02"]

1. Nf3 Nf6 2. c4 c5 3. g3 Nc6 4. d4 cxd4 5. Nxd4 Nxd4 6. Qxd4 d6 7. Bg2 g6 8.
Nc3 Bg7 9. O-O O-O 10. Bd2 a6 11. Rac1 Rb8 12. Qd3 Bd7 13. b3 Bc6 14. e4 Qd7 15.
Rfd1 Rfd8 16. Be3 b5 17. cxb5 axb5 18. Nd5 Nxd5 19. exd5 Bb7 20. Bb6 Rdc8 21.
Bd4 Bxd4 22. Qxd4 Ra8 23. Qd2 Rxc1 24. Rxc1 Rc8 25. Rxc8+ Qxc8 26. Qe2 b4 27.
Qc4 Ba6 28. Qxc8+ Bxc8 29. Be4 Ba6 30. f3 f5 31. Bc2 Bb7 32. Bd3 Bxd5 33. Bc4
Bxc4 34. bxc4 e5 35. Kf2 Kf7 36. Ke3 Ke6 37. Kd3 Kd7 38. h4 h5 39. Kc2 Kc6 40.
Kd2 Kc5 41. Kd3 d5 42. cxd5 Kxd5 43. Ke3 Kc4 44. Kd2 Kd4 0-1

[Event "51st World Juniors"]
[Site "Athens GRE"]
[Date "2012.08.12"]
[Round "10.1"]
[White "Shimanov, Aleksandr"]
[Black "Rapport, Richard"]
[Result "0-1"]
[WhiteTitle "GM"]
[BlackTitle "GM"]
[WhiteElo "2596"]
[BlackElo "2605"]
[WhiteFideId "4198603"]
[BlackFideId "738590"]
[EventDate "2012.08.02"]

1. d4 d5 2. Nf3 Nf6 3. c4 c6 4. e3 Bf5 5. Nc3 e6 6. Nh4 Bg6 7. Nxg6 hxg6 8. Bd3
Nbd7 9. O-O Ne4 10. g3 Nd6 11. b3 Nf5 12. a3 a6 13. Re1 Qf6 14. Bb2 Bd6 15. Qf3
O-O-O 16. Rad1 Rh5 17. Bf1 Rdh8 18. h3 g5 19. Bg2 Rxh3 20. Bxh3 Rxh3 21. Qg2 Qh6
22. Ne2 Nf6 23. cxd5 exd5 24. e4 Nxe4 25. Rf1 Bxg3 26. fxg3 Ne3 0-1

[Event "51st World Juniors"]
[Site "Athens GRE"]
[Date "2012.08.12"]
[Round "10.2"]
[White "Holt, Conrad"]
[Black "Ipatov, Alexander"]
[Result "0-1"]
[WhiteTitle "IM"]
[BlackTitle "GM"]
[WhiteElo "2498"]
[BlackElo "2577"]
[WhiteFideId "2034387"]
[BlackFideId "14116731"]
[EventDate "2012.08.02"]

1. d4 Nf6 2. c4 e6 3. Nc3 d5 4. cxd5 exd5 5. Bg5 c6 6. Qc2 Be7 7. e3 Nbd7 8. Bd3
Nf8 9. Nf3 Ne6 10. Bxf6 Bxf6 11. O-O g6 12. b4 O-O 13. Rab1 Qd6 14. Rfd1 Rd8 15.
Na4 b6 16. Nc3 Bb7 17. a4 Rac8 18. Qa2 Qe7 19. Bf1 c5 20. Ne2 c4 21. Nc3 a6 22.
g3 h5 23. Bg2 h4 24. gxh4 Bxh4 25. b5 a5 26. Ne5 Rd6 27. Nc6 Qg5 28. f4 Qf5 29.
Nxd5 Rxd5 30. e4 Qg4 31. exd5 Nxf4 32. Rf1 Re8 33. Ne5 Qxg2+ 34. Qxg2 Nxg2 35.
Kxg2 Bxd5+ 36. Kh3 Bg5 37. Kg4 Be3 38. Rbe1 Bd2 39. Re2 c3 40. Ref2 Be3 41. Rc2
Bxd4 42. Nc6 Bg7 43. Rcc1 Re3 44. Rce1 Be6+ 45. Kg5 Rxe1 46. Rxe1 c2 0-1

[Event "51st World Juniors"]
[Site "Athens GRE"]
[Date "2012.08.12"]
[Round "10.3"]
[White "Grover, Sahaj"]
[Black "Ding, Liren"]
[Result "0-1"]
[WhiteTitle "IM"]
[BlackTitle "GM"]
[WhiteElo "2516"]
[BlackElo "2695"]
[WhiteFideId "5021103"]
[BlackFideId "8603677"]
[EventDate "2012.08.02"]

1. d4 Nf6 2. c4 g6 3. Nc3 Bg7 4. e4 O-O 5. Nf3 d6 6. h3 e5 7. d5 Nh5 8. g3 Na6
9. Be2 f5 10. exf5 gxf5 11. Ng5 Nf6 12. Be3 Nc5 13. b4 Na6 14. Qb3 Kh8 15. f4
exf4 16. Bxf4 h6 17. Ne6 Bxe6 18. dxe6 Ne4 19. Nd5 Qe8 20. e7 Rf7 21. O-O c6 22.
Ne3 Bxa1 23. Rxa1 Qxe7 24. Bh5 Rg7 25. Kh2 Qf6 26. Rg1 Nc7 0-1

[Event "51st World Juniors"]
[Site "Athens GRE"]
[Date "2012.08.12"]
[Round "10.4"]
[White "Yu, Yangyi"]
[Black "Oparin, Grigoriy"]
[Result "1-0"]
[WhiteTitle "GM"]
[BlackTitle "IM"]
[WhiteElo "2635"]
[BlackElo "2488"]
[WhiteFideId "8603820"]
[BlackFideId "24125890"]
[EventDate "2012.08.02"]

1. e4 c5 2. Nf3 d6 3. d4 cxd4 4. Nxd4 Nf6 5. Nc3 a6 6. Be3 e5 7. Nf3 Qc7 8. a4
Be7 9. Be2 O-O 10. O-O h6 11. a5 Be6 12. Nd5 Nxd5 13. exd5 Bf5 14. c4 Nd7 15. b4
Bh7 16. Rc1 Rac8 17. Nd2 e4 18. f4 exf3 19. Nxf3 Bf6 20. Bd3 Bxd3 21. Qxd3 Rfe8
22. Kh1 Ne5 23. Nxe5 Bxe5 24. c5 dxc5 25. bxc5 Qxa5 26. Qf5 f6 27. Bxh6 gxh6 28.
Rc4 Kf8 29. d6 Qb5 30. Rg4 Qxf1+ 31. Qxf1 Rxc5 32. g3 h5 33. Rg6 Kf7 34. Qf5
Rc1+ 35. Kg2 Rh8 36. Rg5 Bxd6 37. Qd5+ Ke8 38. Rg7 Rc7 39. Rxc7 Bxc7 40. Qe6+ 1-0

[Event "51st World Juniors"]
[Site "Athens GRE"]
[Date "2012.08.12"]
[Round "10.5"]
[White "Debashis, Das"]
[Black "Ter-Sahakyan, Samvel"]
[Result "0-1"]
[WhiteTitle "IM"]
[BlackTitle "GM"]
[WhiteElo "2446"]
[BlackElo "2567"]
[WhiteFideId "5024854"]
[BlackFideId "13302531"]
[EventDate "2012.08.02"]

1. d4 d5 2. c4 e6 3. Nc3 Bb4 4. e3 c5 5. a3 Bxc3+ 6. bxc3 Qc7 7. Qg4 f5 8. Qh5+
g6 9. Qd1 Nf6 10. Nf3 O-O 11. Be2 dxc4 12. O-O cxd4 13. exd4 Nbd7 14. Bh6 Re8
15. Re1 Qc6 16. a4 b6 17. Nd2 Bb7 18. f3 Ba6 19. f4 Rac8 20. Qc1 Bb7 21. Bf1 Nc5
22. Nxc4 Nb3 23. Qa3 Nxa1 24. Rxa1 Ne4 25. Rc1 Qd5 26. Ne3 Qd8 27. g3 Qf6 28.
Bg2 Rc7 29. Bxe4 Bxe4 30. h4 Ba8 31. Qb4 Qe7 0-1

[Event "51st World Juniors"]
[Site "Athens GRE"]
[Date "2012.08.12"]
[Round "10.6"]
[White "Grandelius, Nils"]
[Black "Schreiner, Peter"]
[Result "1-0"]
[WhiteTitle "GM"]
[BlackTitle "FM"]
[WhiteElo "2562"]
[BlackElo "2444"]
[WhiteFideId "1710400"]
[BlackFideId "1621645"]
[EventDate "2012.08.02"]

1. d4 Nf6 2. c4 g6 3. Nc3 d5 4. Nf3 Bg7 5. cxd5 Nxd5 6. Bg5 h6 7. Bd2 c5 8. Rc1
Nxc3 9. Bxc3 cxd4 10. Nxd4 O-O 11. e3 Bd7 12. Bc4 Nc6 13. O-O Rc8 14. Bb3 Nxd4
15. Bxd4 Rxc1 16. Qxc1 Bxd4 17. exd4 Kg7 18. d5 Qb6 19. Qc3+ Kh7 20. Re1 Re8 21.
h4 h5 22. Re4 Qf6 23. Qxf6 exf6 24. Rc4 Re1+ 25. Kh2 Re2 26. Rc7 Bf5 27. Rxf7+
Kh6 28. f3 Rxb2 29. Rxb7 a5 30. Ra7 g5 31. hxg5+ Kxg5 32. Rxa5 h4 33. d6 h3 34.
Be6 Rxg2+ 35. Kh1 Kh4 36. Rxf5 Kg3 37. Rh5 Rh2+ 38. Kg1 Rg2+ 39. Kf1 Rf2+ 40.
Ke1 1-0

[Event "51st World Juniors"]
[Site "Athens GRE"]
[Date "2012.08.12"]
[Round "10.7"]
[White "Hansen, Eric"]
[Black "Zherebukh, Yaroslav"]
[Result "1/2-1/2"]
[WhiteTitle "IM"]
[BlackTitle "GM"]
[WhiteElo "2472"]
[BlackElo "2629"]
[WhiteFideId "2606771"]
[BlackFideId "14116804"]
[EventDate "2012.08.02"]

1. e4 e5 2. Nf3 Nc6 3. Bb5 a6 4. Ba4 Nf6 5. O-O Be7 6. Re1 b5 7. Bb3 d6 8. c3
O-O 9. h3 Nb8 10. d4 Nbd7 11. Bc2 Bb7 12. Nbd2 Re8 13. b3 c6 14. Nf1 Bf8 15. Ng3
g6 16. Be3 Bg7 17. Qd2 Qe7 18. Bh6 Bxh6 19. Qxh6 a5 20. a4 b4 21. cxb4 axb4 22.
Qd2 c5 23. d5 Ra5 24. Bd3 Nb6 25. Qe2 h5 26. Nf1 Nbxd5 27. exd5 Nxd5 28. Qd2 Nc3
29. Ng3 e4 30. Bxe4 Nxe4 31. Nxe4 Bxe4 32. Ng5 Qf6 33. Rad1 Bc6 34. Rxe8+ Bxe8
35. Ne4 Qe7 36. Re1 Bc6 37. Nxc5 Qf6 38. Ne4 Qe6 39. Nxd6 Rd5 40. Rxe6 Rxd2 41.
Rf6 Bd5 42. Nc4 Rd3 43. Na5 1/2-1/2

[Event "51st World Juniors"]
[Site "Athens GRE"]
[Date "2012.08.12"]
[Round "10.8"]
[White "Indjic, Aleksandar"]
[Black "Huschenbeth, Niclas"]
[Result "1-0"]
[WhiteTitle "IM"]
[BlackTitle "GM"]
[WhiteElo "2481"]
[BlackElo "2532"]
[WhiteFideId "911925"]
[BlackFideId "24604747"]
[EventDate "2012.08.02"]

1. d4 Nf6 2. c4 e6 3. Nf3 Bb4+ 4. Bd2 c5 5. Bxb4 cxb4 6. a3 bxa3 7. Rxa3 b6 8.
Nc3 Bb7 9. e3 O-O 10. Be2 d6 11. O-O a5 12. Ne1 e5 13. Nc2 Na6 14. Nb5 Qe7 15.
Rb3 Rfd8 16. Nc3 Qc7 17. Nb5 Qc6 18. f3 d5 19. cxd5 Nxd5 20. e4 Nf4 21. d5 Qg6
22. Ne3 Nc5 23. Rc3 h5 24. Bc4 h4 25. Qe1 Qg5 26. Kh1 Nh5 27. Nf5 h3 28. g3 g6
29. Ne3 Rac8 30. b3 Kh8 31. Ng4 Ba6 32. Na7 Bxc4 33. bxc4 Ra8 34. Nc6 Re8 35.
Ngxe5 Rxe5 36. f4 Nxf4 37. Nxe5 Qxe5 38. gxf4 Qxe4+ 39. Qxe4 Nxe4 40. Rxh3+ Kg7
41. f5 g5 42. Rd3 Nd6 43. Rb1 Ra6 44. Rc3 a4 45. Ra1 Kf6 46. Rca3 Nxc4 47. Rxa4
Rxa4 48. Rxa4 b5 49. Ra7 Nd6 50. Ra1 Ke5 51. Rg1 f6 52. Re1+ Kxd5 53. Re6 Nxf5
54. Rxf6 Nd6 55. Rg6 b4 56. Rxg5+ Kd4 57. Rg1 Kc3 58. Rc1+ Kb2 59. Rc6 Nf5 60.
Rf6 Ng7 61. Rf7 Nh5 62. Kg2 b3 63. Kf3 Kc3 64. Kg4 b2 65. Rc7+ Kd3 66. Rb7 Nf6+
67. Kf5 1-0

[Event "51st World Juniors"]
[Site "Athens GRE"]
[Date "2012.08.12"]
[Round "10.9"]
[White "Andersen, Mads"]
[Black "Grigoryan, Karen H."]
[Result "0-1"]
[WhiteTitle "IM"]
[BlackTitle "IM"]
[WhiteElo "2464"]
[BlackElo "2529"]
[WhiteFideId "1413864"]
[BlackFideId "13301004"]
[EventDate "2012.08.02"]

1. c4 Nf6 2. Nf3 g6 3. d4 Bg7 4. Nc3 d5 5. Bf4 O-O 6. e3 c5 7. dxc5 Qa5 8. Rc1
dxc4 9. Bxc4 Qxc5 10. Bb3 Qa5 11. O-O Na6 12. Nd4 e5 13. Bxf7+ Rxf7 14. Nb3 Qc7
15. Bg5 Qd7 16. Qe1 Qf5 17. Bh4 Be6 18. f3 Bc4 19. Rf2 Nb4 20. Nc5 b6 21. a3
bxc5 22. axb4 cxb4 23. Na4 Bb5 24. Nc5 a5 25. g4 Qc8 26. Ne4 Qa6 27. Bxf6 Bxf6
28. Rd2 Be7 29. Qg3 Qe6 30. Nc5 Qc6 31. Qxe5 Qxf3 32. Ne4 Bc6 33. Ng3 Raf8 34.
Qe6 Bb7 35. Rf1 Qc6 0-1

[Event "51st World Juniors"]
[Site "Athens GRE"]
[Date "2012.08.12"]
[Round "10.10"]
[White "Heimann, Andreas"]
[Black "Lapidus, Mark"]
[Result "1/2-1/2"]
[WhiteTitle "IM"]
[WhiteElo "2493"]
[BlackElo "2129"]
[WhiteFideId "24624632"]
[BlackFideId "4502299"]
[EventDate "2012.08.02"]

1. Nf3 f5 2. g3 Nf6 3. Bg2 g6 4. d4 Bg7 5. c3 O-O 6. Qb3+ e6 7. Ne5 c6 8. O-O d6
9. Nd3 Qe7 10. Nd2 Kh8 11. Qa3 Qc7 12. Nc4 Rd8 13. Bf4 Bf8 14. Qb3 Re8 15. Qa3
Rd8 16. Rad1 Nh5 17. Bg5 Re8 18. Qb3 Nd7 19. Nd2 h6 20. Be3 Kg7 21. f4 Nhf6 22.
Bf2 e5 23. fxe5 dxe5 24. e4 fxe4 25. Nxe5 Nxe5 26. dxe5 Ng4 27. Nxe4 Nxf2 28.
Rxf2 Be6 29. c4 Bf5 30. Nd6 Rxe5 31. Nxf5+ gxf5 32. Rfd2 Bc5+ 33. Kh1 Kg8 34.
Rd7 Re1+ 35. Rxe1 Qxd7 36. Qf3 Rf8 37. Qf4 Qg7 38. b3 Qf6 39. Rf1 Bd6 40. Qf2 a6
41. Be4 f4 42. gxf4 Qxf4 43. Qg2+ 1/2-1/2

[Event "51st World Juniors"]
[Site "Athens GRE"]
[Date "2012.08.12"]
[Round "10.11"]
[White "Kovalev, Vladislav"]
[Black "Antipov, Mikhail Al."]
[Result "0-1"]
[WhiteTitle "IM"]
[BlackTitle "IM"]
[WhiteElo "2485"]
[BlackElo "2462"]
[WhiteFideId "13504398"]
[BlackFideId "4107012"]
[EventDate "2012.08.02"]

1. e4 c5 2. Nf3 d6 3. d4 cxd4 4. Qxd4 Nc6 5. Bb5 Bd7 6. Bxc6 Bxc6 7. Nc3 Nf6 8.
Bg5 e6 9. O-O-O Be7 10. Qd3 Qa5 11. h4 h6 12. Bxf6 Bxf6 13. Nd4 Rd8 14. f4 O-O
15. g4 Bxd4 16. Qxd4 e5 17. Qd2 exf4 18. g5 f5 19. gxh6 fxe4 20. Rhg1 Qe5 21.
Rg5 Rf5 22. Rxg7+ Kh8 23. Qg2 Qf6 24. Nxe4 Bxe4 25. Qxe4 f3 26. Rd5 Qxh6+ 27.
Rg5 Rxd5 28. Qxd5 Rf8 29. Qd4+ Rf6 30. Qc4 Qf8 31. Qc3 Kh7 32. Qd3+ Kh6 33. Qe3
f2 34. Rg1+ Kh7 35. Rf1 Qg7 36. Qg5 Qf7 37. Kd2 Rf5 38. Qe3 Qxa2 39. Qd3 Qa5+
40. c3 Kg7 41. Qg3+ Kh8 42. Qg4 Qb5 43. Qd4+ Kh7 44. c4 Qb3 45. h5 Qb4+ 46. Kd1
Qa4+ 47. Kd2 Qb4+ 48. Kd1 Qb3+ 49. Kd2 Qg3 50. Qe4 Qe5 51. Qxb7+ Kh6 52. Qb3
Qd4+ 53. Kc2 Rc5 54. Kb1 Qe4+ 55. Qc2 Qxc2+ 56. Kxc2 Rxc4+ 57. Kd3 Rf4 58. Ke3
Rf5 59. Ke2 Rf6 60. b4 Kxh5 61. Rh1+ Kg5 62. Kf1 Rh6 63. Rxh6 Kxh6 64. Kxf2 Kg5
65. Ke3 Kf6 66. Kf4 Ke6 67. b5 0-1

[Event "51st World Juniors"]
[Site "Athens GRE"]
[Date "2012.08.12"]
[Round "10.12"]
[White "Wei, Yi"]
[Black "Shyam, Nikil P."]
[Result "1-0"]
[WhiteTitle "FM"]
[BlackTitle "IM"]
[WhiteElo "2418"]
[BlackElo "2484"]
[WhiteFideId "8603405"]
[BlackFideId "5024218"]
[EventDate "2012.08.02"]

1. e4 c5 2. Nf3 d6 3. d4 cxd4 4. Nxd4 Nf6 5. Nc3 a6 6. Be3 Ng4 7. Bc1 Nf6 8. Be3
Ng4 9. Bg5 h6 10. Bh4 g5 11. Bg3 Bg7 12. h3 Ne5 13. f3 Nbc6 14. Bf2 Be6 15. Qd2
Nxd4 16. Bxd4 Qa5 17. Be2 O-O 18. h4 Ng6 19. g3 Bxd4 20. Qxd4 Qe5 21. Qxe5 dxe5
22. h5 Nh8 23. O-O-O Rfd8 24. Na4 Rxd1+ 25. Rxd1 Rc8 26. b4 Bc4 27. Bxc4 Rxc4
28. Nb6 Rc6 29. Nd5 Kf8 30. Ne3 Rf6 31. Rd8+ Kg7 32. Nf5+ Kh7 33. Rd7 Rb6 34. a3
e6 35. Nd6 1-0

[Event "51st World Juniors"]
[Site "Athens GRE"]
[Date "2012.08.12"]
[Round "10.13"]
[White "Van Kampen, Robin"]
[Black "Mazur, Stefan"]
[Result "1-0"]
[WhiteTitle "GM"]
[BlackTitle "IM"]
[WhiteElo "2565"]
[BlackElo "2394"]
[WhiteFideId "1020854"]
[BlackFideId "14909332"]
[EventDate "2012.08.02"]

1. e4 c6 2. d4 d5 3. e5 Bf5 4. Nf3 e6 5. Be2 c5 6. Be3 cxd4 7. Nxd4 Ne7 8. Nd2
Nbc6 9. N2f3 Be4 10. O-O Ng6 11. Ng5 Ngxe5 12. f4 Bc5 13. Kh1 Qb6 14. Ndxe6 Bxe3
15. Nxg7+ Kf8 16. fxe5 Kxg7 17. Rxf7+ Kg8 18. Nxe4 Nxe5 19. Re7 1-0

[Event "51st World Juniors"]
[Site "Athens GRE"]
[Date "2012.08.12"]
[Round "10.14"]
[White "Salem, A.R. Saleh"]
[Black "Bluebaum, Matthias"]
[Result "0-1"]
[WhiteTitle "GM"]
[BlackTitle "IM"]
[WhiteElo "2546"]
[BlackElo "2424"]
[WhiteFideId "9301348"]
[BlackFideId "24651516"]
[EventDate "2012.08.02"]

1. d4 d5 2. c4 c6 3. Nf3 Nf6 4. Nc3 dxc4 5. a4 Bf5 6. Nh4 e6 7. Nxf5 exf5 8. e3
Bb4 9. Bxc4 O-O 10. O-O Nbd7 11. Qc2 g6 12. f3 Rc8 13. Kh1 c5 14. Ba2 Qe7 15.
Qf2 Nb6 16. Bd2 Rfd8 17. Rfe1 Qd7 18. a5 Bxa5 19. Bb3 Bb4 20. Rxa7 f4 21. Qh4
Nh5 22. Rd1 cxd4 23. exd4 Be7 24. Qf2 Nc4 25. Qe2 Nxd2 26. Rxd2 Bb4 27. Qd3 Re8
28. Rd1 Re3 29. Qb1 Bxc3 30. bxc3 Rexc3 31. Ba4 Qd8 32. Rxb7 Qh4 33. Kg1 Re3 34.
Bb3 Rf8 35. Bc4 Kg7 36. d5 Rfe8 37. Bf1 Re1 38. Qa1+ Kh6 39. Rxf7 R8e2 40. Qd4
Rxd1 0-1

[Event "51st World Juniors"]
[Site "Athens GRE"]
[Date "2012.08.12"]
[Round "10.15"]
[White "Bajarani, Ulvi"]
[Black "Cori, Jorge"]
[Result "0-1"]
[WhiteTitle "IM"]
[BlackTitle "GM"]
[WhiteElo "2446"]
[BlackElo "2487"]
[WhiteFideId "13403028"]
[BlackFideId "3802272"]
[EventDate "2012.08.02"]

1. d4 d5 2. c4 c6 3. Nf3 Nf6 4. e3 Bf5 5. Nc3 e6 6. Nh4 Bg6 7. Be2 Nbd7 8. O-O
Bd6 9. g3 O-O 10. Nxg6 hxg6 11. Qb3 Rb8 12. Rd1 Qe7 13. Qc2 Rfd8 14. b3 a6 15.
Bb2 b5 16. Rab1 Bb4 17. Bf3 Rbc8 18. Rbc1 Nb6 19. cxd5 cxd5 20. Qd3 Qb7 21. Rc2
Rc7 22. Rdc1 Rdc8 23. Ne2 Bd6 24. Rxc7 Rxc7 25. Rxc7 Qxc7 26. Bc3 Nc8 27. Qd2 g5
28. Ba5 Qc6 29. h3 Ne7 30. Kg2 Ne4 31. Bxe4 dxe4 32. Bd8 Nd5 33. Kg1 f6 34. Ba5
b4 35. Kf1 Kf7 36. Qc1 Qb5 37. Bd8 Nc3 38. Qc2 Ke8 39. a4 Qd3 0-1

[Event "51st World Juniors"]
[Site "Athens GRE"]
[Date "2012.08.12"]
[Round "10.16"]
[White "Kanarek, Marcel"]
[Black "Baghdasaryan, Vahe"]
[Result "1/2-1/2"]
[WhiteTitle "IM"]
[BlackTitle "IM"]
[WhiteElo "2487"]
[BlackElo "2368"]
[WhiteFideId "1126822"]
[BlackFideId "13303139"]
[EventDate "2012.08.02"]

1. e4 c5 2. Nf3 e6 3. d4 cxd4 4. Nxd4 a6 5. Bd3 Nf6 6. O-O Qc7 7. Qe2 d6 8. c4
Nc6 9. Nc2 Ne5 10. Nc3 Be7 11. Bd2 b6 12. f4 Nxd3 13. Qxd3 Bb7 14. Nd4 O-O 15.
Kh1 Rac8 16. b3 d5 17. cxd5 exd5 18. e5 Ne4 19. Nxe4 dxe4 20. Qg3 Qd7 21. f5 Bh4
22. Qxh4 Qxd4 23. Bh6 gxh6 24. Qxh6 e3 25. Qg5+ Kh8 26. Qf6+ Kg8 27. Qg5+ Kh8
28. Qf6+ Kg8 29. Qg5+ Kh8 30. Qf6+ Kg8 1/2-1/2

[Event "51st World Juniors"]
[Site "Athens GRE"]
[Date "2012.08.12"]
[Round "10.17"]
[White "Ghosh, Diptayan"]
[Black "Shyam, Sundar M."]
[Result "1-0"]
[WhiteTitle "FM"]
[BlackTitle "IM"]
[WhiteElo "2417"]
[BlackElo "2486"]
[WhiteFideId "5045207"]
[BlackFideId "5019141"]
[EventDate "2012.08.02"]

1. c4 Nf6 2. g3 e6 3. Bg2 d5 4. Nf3 dxc4 5. Na3 Bxa3 6. bxa3 O-O 7. Bb2 Nbd7 8.
Qc2 Rb8 9. a4 c5 10. O-O b6 11. Ne5 Bb7 12. Nc6 Bxc6 13. Bxc6 Qc7 14. Bg2 Ne5
15. f4 Nc6 16. Qxc4 Rbd8 17. Rad1 Rfe8 18. e3 Na5 19. Qc2 Nd5 20. a3 c4 21. e4
Ne7 22. d4 Nb3 23. Qc3 f6 24. h4 a6 25. h5 b5 26. axb5 axb5 27. h6 Nc6 28. d5
exd5 29. exd5 Qb6+ 30. Kh2 Re3 31. dxc6 Rxc3 32. Bxc3 gxh6 33. Bxf6 Rd3 34. Rxd3
cxd3 35. Be5 Nd2 36. Rd1 Nc4 37. c7 Qc5 38. Rxd3 Nb6 39. Rd8+ Kf7 40. Rb8 1-0

[Event "51st World Juniors"]
[Site "Athens GRE"]
[Date "2012.08.12"]
[Round "10.18"]
[White "Barbosa, Evandro Amorim"]
[Black "Urkedal, Frode"]
[Result "1/2-1/2"]
[WhiteTitle "IM"]
[BlackTitle "IM"]
[WhiteElo "2436"]
[BlackElo "2473"]
[WhiteFideId "2115824"]
[BlackFideId "1506102"]
[EventDate "2012.08.02"]

1. e4 e5 2. Nf3 Nc6 3. Bb5 a6 4. Ba4 Nf6 5. O-O Be7 6. Re1 b5 7. Bb3 d6 8. c3
O-O 9. h3 Bb7 10. d4 Re8 11. Nbd2 Bf8 12. d5 Nb8 13. Nf1 Nbd7 14. N3h2 c6 15.
dxc6 Bxc6 16. Bg5 h6 17. Bxf6 Nxf6 18. Ng4 Rc8 19. Qf3 a5 20. a3 Bd7 21. Nfe3
Be6 22. Nxf6+ Qxf6 23. Qxf6 gxf6 24. Bd5 h5 25. Red1 Red8 26. a4 Rb8 27. axb5
Rxb5 28. Nc4 Rdb8 29. Rd2 Bh6 30. Rdd1 Bf8 31. Rd2 Bh6 32. Rdd1 Bf8 1/2-1/2

[Event "51st World Juniors"]
[Site "Athens GRE"]
[Date "2012.08.12"]
[Round "10.19"]
[White "Hambleton, Aman"]
[Black "Pavlidis, Antonios"]
[Result "1/2-1/2"]
[WhiteTitle "FM"]
[BlackTitle "IM"]
[WhiteElo "2244"]
[BlackElo "2466"]
[WhiteFideId "2606577"]
[BlackFideId "4212312"]
[EventDate "2012.08.02"]

1. d4 Nf6 2. c4 g6 3. Nc3 Bg7 4. e4 d6 5. f3 O-O 6. Be3 c5 7. dxc5 dxc5 8. Qxd8
Rxd8 9. Bxc5 Nc6 10. Nd5 Nd7 11. Bxe7 Nxe7 12. Nxe7+ Kf8 13. Nd5 Bxb2 14. Rb1
Bg7 15. Nh3 Nc5 16. g4 b6 17. Ng5 Kg8 18. h4 h6 19. Nh3 Ba6 20. g5 Kf8 21. h5
Ne6 22. gxh6 Bxh6 23. hxg6 fxg6 24. Nf2 Kg7 25. Ng4 Bg5 26. Rb2 Rh8 27. Rxh8
Rxh8 28. Kf2 Rf8 29. Kg3 Nc5 30. Be2 Bc8 31. Nf2 Be6 32. Nd3 Nxd3 33. Bxd3 Bxd5
34. cxd5 Bf4+ 35. Kh3 Be5 36. Rf2 g5 37. Kg4 Kg6 38. d6 Rd8 39. Rc2 Rxd6 40. Bb5
Bf4 41. Rc6 Rxc6 42. Bxc6 Kf6 1/2-1/2

[Event "51st World Juniors"]
[Site "Athens GRE"]
[Date "2012.08.12"]
[Round "10.20"]
[White "Baron, Tal"]
[Black "Thavandiran, Shiyam"]
[Result "1/2-1/2"]
[WhiteTitle "GM"]
[BlackTitle "FM"]
[WhiteElo "2451"]
[BlackElo "2301"]
[WhiteFideId "2809958"]
[BlackFideId "2605058"]
[EventDate "2012.08.02"]

1. d4 e6 2. c4 Bb4+ 3. Bd2 a5 4. g3 d6 5. Bg2 e5 6. e3 Nc6 7. Ne2 h5 8. Nbc3 h4
9. a3 Bxc3 10. Bxc3 Qe7 11. Qd2 h3 12. Bxc6+ bxc6 13. dxe5 dxe5 14. Bxa5 Nf6 15.
f3 e4 16. f4 Bg4 17. Bc3 Rd8 18. Qc2 Rd3 19. O-O Rxe3 20. Rae1 Qc5 21. Nd4 Rxe1
22. Rxe1 Qxc4 23. Qb3 Qd5 24. Qa4 Kd7 25. Nc2 Bf3 26. Ne3 Qd3 27. Qc4 Nd5 28.
Kf2 Qxc4 29. Nxc4 Nxc3 30. bxc3 Bg2 31. Ne3 Bf3 32. Nc4 Bg2 33. Ne3 Bf3 1/2-1/2

[Event "51st World Juniors"]
[Site "Athens GRE"]
[Date "2012.08.12"]
[Round "10.21"]
[White "Kleinman, Michael"]
[Black "Yilmaz, Mustafa"]
[Result "0-1"]
[WhiteTitle "FM"]
[BlackTitle "IM"]
[WhiteElo "2330"]
[BlackElo "2543"]
[WhiteFideId "2609479"]
[BlackFideId "6302718"]
[EventDate "2012.08.02"]

1. c4 e5 2. g3 Nc6 3. Bg2 Bc5 4. Nc3 a6 5. e3 d6 6. Nge2 Ba7 7. d4 Nge7 8. dxe5
Nxe5 9. O-O Rb8 10. b3 b5 11. f4 Ng4 12. Nd4 bxc4 13. bxc4 O-O 14. h3 Nf6 15.
Nd5 Nfxd5 16. cxd5 Nf5 17. Nxf5 Bxf5 18. Bd2 Re8 19. Re1 Rb2 20. Bc3 Rxe3 21.
Rxe3 Bxe3+ 22. Kh1 Rc2 23. Be1 Qe8 24. Rb1 Be4 25. Bf3 Rxa2 26. Rb4 Bd4 27. Bc3
Ra1 0-1